| Tag |
First Indicator |
Second Indicator |
Subfields |
| LEADER |
00000cam a2200000 a 4500 |
| 001 |
in00000952913 |
| 005 |
20150925144504.0 |
| 007 |
hd afv|||baca |
| 008 |
850430s1667 miu a 00000 eng d |
| 035 |
|
|
|a (OCoLC)11981431
|
| 035 |
|
|
|9 AES7112AM
|
| 037 |
|
|
|a CL0037000014
|b UMI
|
| 037 |
|
|
|b University Microfilms International, 300 N. Zeeb Rd., Ann Arbor, MI 48106
|
| 040 |
|
|
|a EAA
|c EAA
|d m/c
|d UMI
|d UtOrBLW
|
| 043 |
|
|
|a e-uk-en
|
| 045 |
0 |
|
|b d1666
|
| 049 |
|
|
|a TXAI
|
| 099 |
|
|
|a film
|a B
|a 3609
|
| 100 |
1 |
|
|a Waterhouse, Edward,
|d 1619-1670.
|
| 245 |
1 |
2 |
|a A short narrative of the late dreadful fire in London :
|b together vvith certain considerations remarkable therein, and deducible therefrom : not unseasonable for the perusal of this age written by way of letter to a person of honour and virtue.
|
| 264 |
|
3 |
|a London :
|b Printed by W.G. for Rich. Thrale ..., and James Thrale ...,
|c 1667.
|
| 300 |
|
|
|a 2 unnumbered pages, 190 pages
|
| 336 |
|
|
|a text
|b txt
|2 rdacontent
|
| 337 |
|
|
|a microform
|b h
|2 rdamedia
|
| 338 |
|
|
|a microfilm reel
|b hd
|2 rdacarrier
|
| 500 |
|
|
|a First edition.
|
| 500 |
|
|
|a Signed: Edward Waterhous.
|
| 500 |
|
|
|a Reproduction of original in Bodleian Library.
|
| 510 |
4 |
|
|a Wing
|c W1050
|
| 533 |
|
|
|a Microfilm.
|b Ann Arbor, Mich. :
|c University Microfilms,
|d 1974.
|e 1 microfilm reel. 35 mm.
|f (Early English books, 1641-1700; 523:1)
|
| 500 |
|
|
|a Microform.
|
| 650 |
|
0 |
|a Fires
|z England
|z London.
|
| 830 |
|
0 |
|a Early English books, 1641-1700 ;
|v 523:1.
|
| 999 |
|
|
|a MARS
|
| 999 |
f |
f |
|s 38f6dcb8-a811-3223-b78b-0a75d41ddaf1
|i ea283525-b00d-3222-af7c-66334271963a
|t 0
|
| 952 |
f |
f |
|p default
|a Texas A&M University
|b College Station
|c Sterling C. Evans Library
|d Evans: Microforms (3rd floor)
|t 0
|e film B 3609 523:1
|h Other scheme
|i microform -- microfilm reel
|
| 998 |
f |
f |
|a film B 3609 523:1
|t 0
|l Evans: Microforms (3rd floor)
|